Statistiques concernant Trouve les paroles - Je t'aimais, je t'aime, je t'aimerai - Cabrel

Cliquez ici pour prendre le quiz!

Statistiques générales

  • Ce quiz a été pris 55 fois
  • Le résultat moyen est 156 sur 202

Statistiques - réponses

Réponse% Correct
Je
100%
je
100%
le
98%
Le
98%
les
98%
Les
98%
t'aime
98%
t'aimerai
98%
de
96%
sur
96%
Sur
96%
t'aimais
96%
te
96%
en
93%
Et
93%
et
93%
la
93%
Nu
93%
Comme
91%
comme
91%
dans
91%
Dans
91%
galets
91%
Mon
87%
mon
87%
87%
87%
tes
87%
tu
87%
Tu
87%
un
87%
Un
87%
cheveux
84%
est
84%
que
84%
Que
84%
défaits
82%
enfant
82%
L'amour
82%
l'espace
82%
moindre
82%
nue
82%
recoins
82%
si
82%
vent
82%
Il
80%
moindres
80%
partout
80%
pleuvait
80%
Quoi
80%
regardes
80%
du
78%
fasses
78%
s'il
78%
a
76%
A
76%
qui
76%
rêve
76%
t'attardes
76%
c'est
73%
d'un
73%
tombé
73%
ne
71%
pour
71%
Pour
71%
beau
69%
coffret
69%
diamant
69%
fait
69%
l'ai
69%
lumière
69%
printemps
69%
qu'il
69%
Une
69%
Lui
67%
mes
67%
pourrait
67%
seule
67%
Seule
67%
trajet
67%
vu
67%
ciel
64%
connaît
64%
jamais
64%
poignets
64%
pris
64%
suis
64%
sûrement
64%
vrai
64%
filets
62%
prétend
62%
doigts
60%
nos
60%
qu'on
60%
tous
60%
laquelle
58%
regrets
58%
Tellement
58%
tellement
58%
choses
56%
monde
56%
projet
56%
repères
56%
secrets
56%
seras
56%
unique
56%
Défaire
53%
palais
53%
s'approche
53%
promet
51%
celle
49%
d'après
49%
même
49%
cette
47%
murs
47%
On
47%
trouverai
44%
vie
44%
j'écrirai
42%
plafonds
42%
yeux
42%
dessous
40%
m'en
40%
portraits
40%
reflets
40%
juste
38%
irai
36%
mêmes
33%
poser
33%
s'envolera
31%
quai
29%

Distribution des résultats

Percentile par nombre de réponses

% des personnes avec chaque résultat

Votre développement - résultats

Vous n’avez pas pris ce quiz